000 00623nam a22001937a 4500
003 0
005 20241119145453.0
008 241119b xxu||||| |||| 00| 0 eng d
020 _a9780323930512
050 _aRC 266
_b.C67 2024
245 _aCore curriculum for oncology nursing /
_c[editors] Jeannine M. Brant, Diane G. Cope, Marlon Garzo Saria.
250 _a7th ed.
260 _aSt. Louis, Missouri :
_bElsevier,
_c2024.
300 _axvi, 592 p. :
_bcol. ill. ;
_c28 cm.
504 _aIncludes bibliographical references and index.
650 _aCancer
_vNursing.
650 _aCancer
_vTreatment.
942 _2lcc
_cBK
999 _c366774
_d366774